| Поле | Название | Значение |
| |
Тип записи |
a |
| |
Библиографический уровень |
c |
| 001 |
Контрольный номер |
SKBR/77349077-4d7c-463b-b577-745659d567af |
| 005 |
Дата корректировки |
20260625115456.3 |
| 010 |
Индекс ISBN |
__ |
| a |
ISBN |
978-5-235-05182-9 |
| b |
Уточнения |
в пер. |
| 9 |
Тираж |
2000 экз. |
| d |
Цена |
1347-56 |
| 035 |
Другие системные номера |
__ |
| a |
Идентификатор записи |
RU/Тюменская ОНБ/EKC/66/Г 71-067636128 |
| 100 |
Данные общей обработки |
__ |
| a |
Данные общей обработки |
20260615d2024 m y0rusy5050 ca |
| 101 |
Язык документа |
0_ |
| a |
Язык текста |
rus |
| 102 |
Страна публикации |
__ |
| a |
Страна публикации |
RU |
| 105 |
Кодированные данные (монография) |
__ |
| a |
Кодированные данные (монография) |
y z 000yy |
| 181 |
Поле кодированных данных: вид содержания |
_0 |
| a |
Код вида содержания (ISBD) |
i |
| 182 |
Поле кодированных данных: тип средства |
_0 |
| a |
Код типа средства (ISBD) |
n |
| 200 |
Заглавие и сведения об ответственности |
1_ |
| a |
Заглавие |
Горький привкус "цветных революций" |
| e |
Сведения, относящиеся к заглавию |
сборник |
| f |
Первые сведения об ответственности |
автор идеи и руководитель проекта С. Г. Мусиенко |
| g |
Последующие сведения об ответственности |
составители: М. А. Макарычев [и др.] |
| g |
Последующие сведения об ответственности |
редакционный совет: Д. А. Жук [и др.] |
| 203 |
Вид содержания и тип средства |
__ |
| a |
Вид содержания |
Текст |
| c |
Тип средства |
непосредственный |
| 210 |
Выходные данные |
1_ |
| a |
Место издания |
Москва |
| c |
Издательство |
Молодая гвардия |
| d |
Дата издания |
2024 |
| 215 |
Физическое описание |
__ |
| a |
Объем |
437, [1] с. |
| d |
Формат |
21 см |
| 330 |
Аннотация |
__ |
| a |
Аннотация |
В сборнике, подготовленном под руководством писателя, политического обозревателя "Российской газеты" Максима Макарычева, автора идеи — главы белорусского аналитического центра ЕСООM Сергея Мусиенко и политического обозревателя Издательского дома "Беларусь сегодня" Максима Осипова, коллектив авторов из различных стран представляет уникальный аналитический проект, участниками которого стали ведущие политологи, ученые и публицисты из многих стран мира. Авторы проекта представляют в книге свое видение феномена "цветная революция", прочно вошедшего в мировую политику и затронувшего многие государства — от Украины до Кубы. Книга раскрывает планы и устремления западных спецслужб и иностранных НПО по подрыву государственных устоев стран, которые не желают подчиняться планам и диктату правящих элит Британии и США. Материалы книги призваны внести свой вклад в разрешение глобальных вызовов, спроецированных также на Союзное государство: Российскую Федерацию и Республику Беларусь. |
| 333 |
Примечание о целевом назначении |
__ |
| a |
Примечание о целевом назначении |
16+. Для детей старше 16 лет |
| 464 |
Аналитический уровень |
_0 |
| 1 |
|
2001 |
| a |
|
Увязшие в "Болоте". Попытки "цветных революций" в России в 2012-2022 годах: десятилетие неудач и смещения протестов в регионы |
| f |
|
Н. Данюк, Е. Семибратов |
| 1 |
|
700 1 |
| a |
|
Данюк |
| b |
|
Н. |
| 1 |
|
701 1 |
| a |
|
Семибратов |
| b |
|
Е. |
| 464 |
Аналитический уровень |
_0 |
| 1 |
|
2001 |
| a |
|
Запад поставил на послушного и управляемого Пашиняна |
| f |
|
М. Макарычев, И. Сысоев |
| 1 |
|
700 1 |
| a |
|
Макарычев |
| b |
|
М. |
| 1 |
|
701 1 |
| a |
|
Сысоев |
| b |
|
И. |
| 464 |
Аналитический уровень |
_0 |
| 1 |
|
2001 |
| a |
|
Уроки неудавшегося госпереворота. Сущность и особенности белорусского протеста - 2020 |
| f |
|
Н. Бузин |
| 1 |
|
700 1 |
| a |
|
Бузин |
| b |
|
Н. |
| 464 |
Аналитический уровень |
_0 |
| 1 |
|
2001 |
| a |
|
Как розы превратились в дубинки |
| f |
|
Я. Тимофеев |
| 1 |
|
700 1 |
| a |
|
Тимофеев |
| b |
|
Я. |
| 464 |
Аналитический уровень |
_0 |
| 1 |
|
2001 |
| a |
|
На поле площадной брани. Депопуляция населения и деиндустриализация всей страны - главный итог двух основных украинских майданов. Как и порождение мини-майданчиков, которым несть числа |
| f |
|
К. Бондаренко |
| 1 |
|
700 1 |
| a |
|
Бондаренко |
| b |
|
К. |
| 464 |
Аналитический уровень |
_0 |
| 1 |
|
2001 |
| a |
|
Майдан-2. Как начинался переворот 2014 года в Киеве |
| f |
|
П. Дульман, М. Макарычев |
| 1 |
|
700 1 |
| a |
|
Дульман |
| b |
|
П. |
| 1 |
|
701 1 |
| a |
|
Макарычев |
| b |
|
М. |
| 464 |
Аналитический уровень |
_0 |
| 1 |
|
2001 |
| a |
|
"Доктрина Вильсона": неоколониализм через революцию. Национализм - самый надежный способ распродажи суверенитета, именно потому он оказался в основе всех переворотов в Восточной Европе |
| f |
|
К. Коктышев |
| 1 |
|
700 1 |
| a |
|
Коктышев |
| b |
|
К. |
| 464 |
Аналитический уровень |
_0 |
| 1 |
|
2001 |
| a |
|
Расстрел рижского ОМОНА |
| f |
|
Р. Панкратов |
| 1 |
|
700 1 |
| a |
|
Панкратов |
| b |
|
Р. |
| 464 |
Аналитический уровень |
_0 |
| 1 |
|
2001 |
| a |
|
Лебединая песня. Инспирированная извне "поющая революция" привела к кровавой провокации у Вильнюсской телебашни и лишила Литву будущего |
| f |
|
Р. Панкратов |
| 1 |
|
700 1 |
| a |
|
Панкратов |
| b |
|
Р. |
| 464 |
Аналитический уровень |
_0 |
| 1 |
|
2001 |
| a |
|
Гиена, ставшая шакалом. Технология перерождения "Солидарности" из социального освободителя в поработителя |
| f |
|
Б. Дрвески |
| 1 |
|
700 1 |
| a |
|
Дрвески |
| b |
|
Б. |
| 464 |
Аналитический уровень |
_0 |
| 1 |
|
2001 |
| a |
|
Пригвожденная страна. "Революция гвоздик" за два года превратила колонизаторов в колонизированных |
| f |
|
О. Рокпло |
| 1 |
|
700 1 |
| a |
|
Рокпло |
| b |
|
О. |
| 464 |
Аналитический уровень |
_0 |
| 1 |
|
2001 |
| a |
|
"Отпор": обмануя молодость, списанная в утиль. Как США на Балканах выпестовали и вскормили разушительную оппозицию, немедленно забыв о ней после переворота |
| f |
|
М. Младенович |
| 1 |
|
700 1 |
| a |
|
Младенович |
| b |
|
М. |
| 464 |
Аналитический уровень |
_0 |
| 1 |
|
2001 |
| a |
|
Дважды розовая. Как проанглийская ось Помпиду закрыжила процветающую страну в вакханалии революционного угара |
| f |
|
О. Рокпло |
| 1 |
|
700 1 |
| a |
|
Рокпло |
| b |
|
О. |
| 464 |
Аналитический уровень |
_0 |
| 1 |
|
2001 |
| a |
|
Французская революция XXI века. Западный деконструктивизм и "расфранцузивание" привели "страну любви" к небывалой ненависти и народному противостоянию |
| f |
|
О. Рокпло |
| 1 |
|
700 1 |
| a |
|
Рокпло |
| b |
|
О. |
| 464 |
Аналитический уровень |
_0 |
| 1 |
|
2001 |
| a |
|
Высокие технологии в низких целях. Гонконг - 2019 - один из самых цифровизированных протестов последних лет |
| f |
|
В. Пунченко, В. Демиров |
| 1 |
|
700 1 |
| a |
|
Пунченко |
| b |
|
В. |
| 1 |
|
701 1 |
| a |
|
Демиров |
| b |
|
В. |
| 464 |
Аналитический уровень |
_0 |
| 1 |
|
2001 |
| a |
|
Возвращение в пустыню. Исламизм, колониализм и "Аль-Джазира": история смерти великой державы Африки |
| f |
|
В. Манэль |
| 1 |
|
700 1 |
| a |
|
Манэль |
| b |
|
В. |
| 464 |
Аналитический уровень |
_0 |
| 1 |
|
2001 |
| a |
|
Обшарпанный переворот. Жестокость и разрушительность событий в Мьянме показали, чем на деле является "цветная революция", и легли в основу "учебника мятежа" |
| f |
|
О. Рокпло |
| 1 |
|
700 1 |
| a |
|
Рокпло |
| b |
|
О. |
| 464 |
Аналитический уровень |
_0 |
| 1 |
|
2001 |
| a |
|
Уничтожение страны "ради очень благого дела..." Как сирия прошла путь от экономической либерализации до бесконечной спирали насилия |
| f |
|
Б. Дрвески |
| 1 |
|
700 1 |
| a |
|
Дрвески |
| b |
|
Б. |
| 464 |
Аналитический уровень |
_0 |
| 1 |
|
2001 |
| a |
|
Мрак цветной одежды. Красные и желтые рубашки, белые ленты: "цветные революции" и контрреволюции в Таиланде |
| f |
|
О. Рокпло |
| 1 |
|
700 1 |
| a |
|
Рокпло |
| b |
|
О. |
| 464 |
Аналитический уровень |
_0 |
| 1 |
|
2001 |
| a |
|
Заплутавшие в парке. Переворот по-турецки оказался несостоятельным |
| f |
|
Т. Жоссэран |
| 1 |
|
700 1 |
| a |
|
Жоссэран |
| b |
|
Т. |
| 464 |
Аналитический уровень |
_0 |
| 1 |
|
2001 |
| a |
|
Черный смысл "зеленых крестов". Опора на истинно национального лидера спасла Боливию от краха и обеспечила ей развитие и процветание |
| f |
|
О. Рокпло, Х. Чакон-Солар |
| 1 |
|
700 1 |
| a |
|
Рокпло |
| b |
|
О. |
| 1 |
|
701 1 |
| a |
|
Чакон-Солар |
| b |
|
Х. |
| 464 |
Аналитический уровень |
_0 |
| 1 |
|
2001 |
| a |
|
Восстание желтых уток. протесты, импичмент, геополитика и стратегия напряженности в Бразилии |
| f |
|
О. Рокпло |
| 1 |
|
700 1 |
| a |
|
Рокпло |
| b |
|
О. |
| 464 |
Аналитический уровень |
_0 |
| 1 |
|
2001 |
| a |
|
Несостоятельные гуаримбас. Почему попытки переворотов в Венесуэле всегда заканчиваются провалом? |
| f |
|
Х. Чакон-Солар |
| 1 |
|
700 1 |
| a |
|
Чакон-Солар |
| b |
|
Х. |
| 464 |
Аналитический уровень |
_0 |
| 1 |
|
2001 |
| a |
|
Фруктовый переворот. Гватемала - 1954: как свергнуть популярного президента 64 крестьянами и пятью самолетами |
| f |
|
Х. Чакон-Солар |
| 1 |
|
700 1 |
| a |
|
Чакон-Солар |
| b |
|
Х. |
| 464 |
Аналитический уровень |
_0 |
| 1 |
|
2001 |
| a |
|
Как Остров свободы противостоит "цветным революциям" и диктату извне |
| f |
|
М. Макарычев |
| 1 |
|
700 1 |
| a |
|
Макарычев |
| b |
|
М. |
| 464 |
Аналитический уровень |
_0 |
| 1 |
|
2001 |
| a |
|
Мятеж под прикрытием. переворот - 1973, сместивший чилийского президента Альенде: новое прочтение |
| f |
|
Х. Чакон-Солар |
| 1 |
|
700 1 |
| a |
|
Чакон-Солар |
| b |
|
Х. |
| 464 |
Аналитический уровень |
_0 |
| 1 |
|
2001 |
| a |
|
Интернет и все-все-все |
| f |
|
А. Муковозчик |
| 1 |
|
700 1 |
| a |
|
Муковозчик |
| b |
|
А. |
| 464 |
Аналитический уровень |
_0 |
| 1 |
|
2001 |
| a |
|
Хорошая или плохая - но это моя страна. Противоядие стратегии "управляемого хаоса" - есть! |
| f |
|
Е. Пономарева, Е. Рябинин |
| 1 |
|
700 1 |
| a |
|
Пономарева |
| b |
|
Е. |
| 1 |
|
701 1 |
| a |
|
Рябинин |
| b |
|
Е. |
| 464 |
Аналитический уровень |
_0 |
| 1 |
|
2001 |
| a |
|
Управляемые перевороты создают условия для вмешательства вов нутренние дела государств и их неминуемого краха |
| f |
|
В. Тумар, С. Мусиенко |
| 1 |
|
700 1 |
| a |
|
Тумар |
| b |
|
В. |
| 1 |
|
701 1 |
| a |
|
Мусиенко |
| b |
|
С. |
| 606 |
Тематические рубрики |
__ |
| a |
Основная рубрика |
Политика. Политология |
| 2 |
Код системы |
nlr_sh |
| 606 |
Тематические рубрики |
__ |
| 2 |
Код системы |
nlr_sh |
| a |
Основная рубрика |
Политическая деятельность |
| 606 |
Тематические рубрики |
__ |
| 2 |
Код системы |
nlr_sh |
| a |
Основная рубрика |
Международные проблемы |
| 610 |
Ключевые слова |
0_ |
| a |
Ключевые слова |
политическая оппозиция |
| 610 |
Ключевые слова |
0_ |
| a |
Ключевые слова |
политические процессы |
| 610 |
Ключевые слова |
0_ |
| a |
Ключевые слова |
политическая борьба |
| 610 |
Ключевые слова |
0_ |
| a |
Ключевые слова |
политические конфликты |
| 610 |
Ключевые слова |
0_ |
| a |
Ключевые слова |
цветные революции |
| 610 |
Ключевые слова |
0_ |
| a |
Ключевые слова |
оранжевые революции |
| 610 |
Ключевые слова |
0_ |
| a |
Ключевые слова |
государственные перевороты |
| 686 |
Индексы других классификаций |
__ |
| 2 |
Код системы |
rubbks |
| a |
Классификационный индекс |
66.041.33 |
| 686 |
Индексы других классификаций |
__ |
| 2 |
Код системы |
rubbks |
| a |
Классификационный индекс |
66.4(0),3 |
| 702 |
Вторичная интеллектуальная ответственность |
_1 |
| a |
Фамилия |
Макарычев |
| b |
Имя |
М. А. |
| g |
Полное личное имя |
Максим Александрович |
| 4 |
Код отношения |
220 |
| f |
Даты |
1970- |
| 702 |
Вторичная интеллектуальная ответственность |
_1 |
| a |
Фамилия |
Мусиенко |
| b |
Имя |
С. Г. |
| g |
Полное личное имя |
Сергей Г. |
| 4 |
Код отношения |
220 |
| 4 |
Код отношения |
245 |
| 702 |
Вторичная интеллектуальная ответственность |
_1 |
| a |
Фамилия |
Осипов |
| b |
Имя |
М. В. |
| 4 |
Код отношения |
220 |
| 702 |
Вторичная интеллектуальная ответственность |
_1 |
| a |
Фамилия |
Жук |
| b |
Имя |
Д. А. |
| 4 |
Код отношения |
340 |
| 702 |
Вторичная интеллектуальная ответственность |
_1 |
| a |
Фамилия |
Бузовский |
| b |
Имя |
И. И. |
| 4 |
Код отношения |
340 |
| 702 |
Вторичная интеллектуальная ответственность |
_1 |
| a |
Фамилия |
Рокпло |
| b |
Имя |
О. |
| g |
Полное личное имя |
Оливье |
| 4 |
Код отношения |
340 |
| 801 |
Источник записи |
_2 |
| b |
Организация |
Тюменская ОНБ |
| a |
Страна |
RU |
| c |
Дата составления |
20241121 |
| g |
Правила каталогизации |
PSBO |
| 801 |
Источник записи |
_1 |
| b |
Организация |
Тюменская ОНБ |
| a |
Страна |
RU |
| c |
Дата составления |
20241127 |
| g |
Правила каталогизации |
PSBO |
| 852 |
Данные о местонахождении |
__ |
| i |
Авторский знак |
Г 71 |
| j |
Шифр хранения |
66.041.33 |
| 900 |
Макрообъекты |
__ |
| a |
Макрообъекты |
Горький привкус цветных революций, 2024 |
| 901 |
Тип документа |
__ |
| t |
Тип документа |
x |
| a |
Ответственный |
КиК/Обаева |
| 901 |
Тип документа |
__ |
| a |
Ответственный |
7 партия |
| 903 |
Характеристики (МАРС) |
__ |
| c |
Наименование библиотеки (МАРС) |
Муниципальное бюджетное учреждение культуры "Централизованная библиотечная система" г. Сургут (Центральная городская библиотека им. А. С. Пушкина) |
| a |
Дата передачи |
20260615 |
| 969 |
Тип издания |
__ |
| a |
Тип издания |
Ф 26 |
| a |
Тип издания |
популярное издание |
| 990 |
Данные о заказе (DOS) |
__ |
| j |
Количество экземпляров (DOS) |
1 |
| t |
N записи в КСУ для И/У (DOS) |
202607 |